Quiz o finale Euro 2024 - Statystyki

Ogólne statystyki
  • Ten quiz został rozwiązany 698 razy
  • Średni wynik to 14 z 22
Statystyki odpowiedzi
Zagadnienie Odpowiedź % Poprawnych
Jakim wynikiem zakończyło się finałowe spotkanie? 2:1 dla Hiszpanii
92%
Która reprezentacja oddała więcej strzałów celnych w finałowym meczu? Hiszpania
84%
Czy któryś z piłkarzy ujrzał czerwoną kartkę? Nie
83%
Kogo w półfinale wyeliminowała Anglia? Holandię
79%
Który bramkarz wystąpił między słupkami Hiszpanii? Unai Simon
79%
Kogo w półfinale wyeliminowała Hiszpania? Francję
77%
Jedna z reprezentacji uzyskała wynik 1.89 xG, a druga 0.61 xG. Która z nich była lepsza w tej statystyce? Hiszpania
75%
Czy Cole Palmer wszedł z ławki rezerwowych? Tak
74%
W której połowie było więcej bramek? 2 połowa
72%
Który piłkarz strzelił bramkę w finale? Nico Williams
69%
Kto był trenerem Hiszpanii w finałowym meczu? Luis de la Fuente
67%
Który zawodnik wystąpił na pozycji prawego obrońcy w reprezentacji Hiszpanii? Dani Carvajal
66%
Na ławce rezerwowych Hiszpanii zasiadał zawodnik Sevilli. Kto nim był? Jesus Navas
64%
Czy w meczu padła bramka ze spalonego? Nie
61%
Który piłkarz w 90 minucie wybił piłkę z linii bramkowej? Dani Olmo
60%
Która reprezentacja miała przewagę sytuacji bramkowych w drugiej połowie? Hiszpania
52%
Na jakim stadionie rozgrywany był mecz? Olympiastadion
48%
Kto był sędzią spotkania? François Letexier
45%
W której minucie wszedł na boisko Ollie Watkins? 45 - 65 minuta
39%
Kto asystował przy drugiej bramce dla Hiszpanów? Marc Cucurella
37%
Który z wymienionych zawodników nie wystąpił w finałowym meczu? Ferran Torres
21%
Który z zawodników Anglii otrzymał żółtą kartkę? Harry Kane
8%
Nie znaleziono quizów pasujących do podanych kryteriów
Rozkład punktacji
Procent ludzi z każdym wynikiem
Percentyl według liczby udzielonych odpowiedzi
Twoja historia wyników
Nie rozwiązałeś tego quizu